000 00353 a2200109 4500
001 ART_37890
005 20260410161750.0
008 260409a
245 1 0 _aImplicancias del nuevo Código en el impuesto a la transmisión gratuita
100 1 _aGarcía, Fernando D.
773 0 _tDoctrina tributaria
_g- Nº 432 (mar. 2016)
_wREV4296
999 _c19618
_d19618